Diario del año de la peste /
Guardado en:
| Autor Principal: | |
|---|---|
| Formato: | Libro |
| Publicado: |
Bogota :
La Oveja Negra,
1985
|
| Materias: | |
| Etiquetas: |
Agregar Etiqueta
Sin Etiquetas, Sea el primero en etiquetar este registro!
|
| LEADER | 00458nam a22001575a 4500 | ||
|---|---|---|---|
| 001 | EHU.bham008547 | ||
| 003 | AR-BHAM | ||
| 005 | 20100107112020.0 | ||
| 008 | 130507s1985##################000#0#####d | ||
| 082 | 8 | 2 | |a 823.5 |
| 100 | 1 | |a Defoe, Daniel | |
| 245 | 1 | 0 | |a Diario del año de la peste / |c Daniel Defoe. |
| 260 | |a Bogota : |b La Oveja Negra, |c 1985 | ||
| 300 | |a 213 p. | ||
| 653 | |a Novela inglesa-1703-1745 | ||
| 859 | |a AR-BHAM |b BIB. HUMANIDADES - General |h 823.5 |i D362 |p 37.89 |t Ej.1 | ||
